00488nam a2200181 a 4500001001300000003000900013005001700022008004100039020001000080082001600090100001600106245005300122260004800175300000900223500003500232650002300267700001600290nice12345678IN_TiNIC20260116011519.0050524s1924 bera grp 000 0 eng  ac10000a492.78bBRU aBrunnows, R aArabische Christomathic Aus Prosaschriftstellern aBerlinbVerlag Von Reuther & Reichardc1924 a157p aincludes index and biblioraphy aArabic-Course Book1 aBrunnows, R